|
|
|
|
| LEADER |
00000cam a2200000 a 4500 |
| 001 |
vtls008307509 |
| 003 |
SK-MaSNL |
| 005 |
20260311150334.0 |
| 008 |
230501s1986 xr ab gr 001 0 cze |
| 015 |
|
|
|a SNBA1986
|
| 020 |
|
|
|q (brožované)
|
| 035 |
|
|
|a urn:nbn:sk:snk-am00ihj4
|
| 035 |
|
|
|a 9A2DEF3E-4784-4499-A3DC-B47AA629AC95
|
| 040 |
|
|
|a SNK
|b slo
|c SNK
|e AACR2
|
| 041 |
0 |
|
|a cze
|b ger
|
| 043 |
|
|
|a e-cs---
|
| 044 |
|
|
|a xr
|c CZ
|
| 072 |
|
7 |
|a 902
|x Archeológia
|2 konspekt
|
| 080 |
|
|
|a 902:904
|2 2011
|
| 080 |
|
|
|a (=16)
|2 2011
|
| 080 |
|
|
|a 325
|2 2011
|
| 080 |
|
|
|a 902(367)
|2 2011
|
| 080 |
|
|
|a (437)
|2 2011
|
| 080 |
|
|
|a (048.8)
|2 2011
|
| 100 |
1 |
|
|a Klanica, Zdeněk,
|d 1938-2014
|4 aut
|9 334208
|
| 245 |
1 |
0 |
|a Počátky slovanského osídlení našich zemí
|c Zdeněk Klanica
|
| 250 |
|
|
|a 1. vyd.
|
| 260 |
|
|
|a Praha
|b Academia
|c 1986
|
| 300 |
|
|
|a 259 s.
|b ilustrácie, mapy
|c 23 cm
|
| 366 |
|
|
|e 2300 výtl.
|
| 504 |
|
|
|a Obsahuje bibliografické odkazy a registre
|
| 546 |
|
|
|a Obsahuje nemecké resumé
|
| 650 |
0 |
7 |
|a archeologické nálezy
|2 SNKPH
|9 4975
|
| 650 |
0 |
7 |
|a Slovania
|2 SNKPH
|9 18587
|
| 650 |
0 |
7 |
|a slovanská archeológia
|2 SNKPH
|9 66501
|
| 650 |
0 |
7 |
|a osídľovanie
|2 SNKPH
|9 31252
|
| 650 |
0 |
7 |
|a Antiquities
|2 SNKPHeng
|9 101106
|
| 650 |
0 |
7 |
|a Slavs
|2 SNKPHeng
|9 297567
|
| 650 |
0 |
7 |
|a Land settlement
|2 SNKPHeng
|9 325464
|
| 650 |
0 |
7 |
|a Slavic archaeology
|2 SNKPHeng
|9 327122
|
| 651 |
|
7 |
|a Československo
|2 SNKPHgeo
|9 21376
|
| 651 |
|
7 |
|a Czechoslovakia
|2 SNKPHeng
|9 265183
|
| 655 |
|
7 |
|a štúdie
|2 SNKPH
|9 57033
|
| 655 |
|
7 |
|a Studies
|2 SNKPHeng
|9 265573
|
| 852 |
|
|
|a Slovenská národná knižnica
|
| 954 |
|
|
|a odborná, vedecká literatúra cudzojazyčná (svetová)
|2 lita
|
| 958 |
|
|
|a OND
|
| 958 |
|
|
|a NB
|
| 958 |
|
|
|a EUIPO
|
| 999 |
|
|
|c 1164153
|d 1166083
|
| 952 |
|
|
|a SNK
|b SNK
|y VYP
|7 0
|p 17A0490338
|o snkSC 67440 D1
|i snkKIP 11516/86
|0 0
|1 0
|4 0
|d 2005-11-04
|l 0
|r 2026-02-24 20:43:56
|w 2026-02-24
|
| 952 |
|
|
|a SNK
|b SNK
|y PREZ
|7 0
|p 17A0475186
|o snkSC 67440
|i snkKIP 11515/86
|0 0
|1 0
|4 0
|d 2006-01-11
|f 1
|l 0
|r 2025-07-10 00:00:00
|w 2026-02-24
|